00633nam a2200193 a 450008200150000010000180001524500300003326000290006330000090009250000350010150500180013665000360015465000370019070000180022794200070024595200950025295200770034799900150042400a261.2bSAM aSamartha, S J aOne Christ-Many Religions aBangalore bSATRI c1992 a212p aincludes index and biblioraphy2 aBiblio, Index aJesus Christ-Person and Offices aChristianity and Other Religions1 aSamartha, S J cBK 00114070aHMIbHMId2008-04-10g85.00l0o261.2 SAMp014444r2008-04-10w2026-01-16yLB 00104070aHMIbHMId2022-07-26l0o291 SAMr2022-07-26w2022-07-26yBK c7821d7821